000 00557cam a2200145 4500500
005 20251012031723.0
041 _afre
042 _adc
100 1 0 _aFaguer, Nicolas
_eauthor
245 0 0 _aRobin Nitot, La Plume et le tombeau. 10 écrivains face à la mort, Paris, Salvator, 2024, 231 p.
260 _c2025.
500 _a61
786 0 _nBulletin de l’Amitié Charles Péguy | 183-184 | 3 | 2025-02-21 | p. 448-450 | 0180-8567
856 4 1 _uhttps://shs.cairn.info/bulletin-de-l-amitie-charles-peguy-2024-3-page-448?lang=fr&redirect-ssocas=7080
999 _c1546323
_d1546323